Sports Quiz

Random Sports or Baseball Quiz
Score 0/49 Timer 10:00
0 Plays Today
Position Name % Correct
OFGreg Allen
93.9%
SSFrancisco Lindor
90.9%
PCody Allen
90.9%
1BYonder Alonso
84.8%
3B-2BJose Ramirez
84.8%
CRoberto Perez
84.8%
PCorey Kluber
84.8%
PTrevor Bauer
84.8%
PAndrew Miller
84.8%
PNeil Ramirez
84.8%
POliver Perez
84.8%
CYan Gomes
81.8%
2BJason Kipnis
81.8%
OFMichael Brantley
81.8%
PCarlos Carrasco
81.8%
DH-1BEdwin Encarnacion
78.8%
OFTyler Naquin
78.8%
PMike Clevinger
75.8%
OFBradley Zimmer
69.7%
OFRajai Davis
66.7%
DH-IFYandy Diaz
63.6%
PShane Bieber
60.6%
3BJosh Donaldson
57.6%
PDan Otero
54.5%
OFLonnie Chisenhall
51.5%
Position Name % Correct
OFLeonys Martin
51.5%
CEric Haase
48.5%
PJosh Tomlin
48.5%
PBrad Hand
48.5%
2B-3BErik Gonzalez
45.5%
PTyler Olson
45.5%
DH-CFrancisco Mejia
42.4%
PAdam Plutko
42.4%
PNick Goody
39.4%
PAdam Cimber
36.4%
OFBrandon Guyer
33.3%
OFMelky Cabrera
30.3%
PZach McAllister
24.2%
PMarc Rzepczynski
15.2%
OFBrandon Barnes
12.1%
PJon Edwards
12.1%
PBen Taylor
12.1%
1B-IFAdam Rosales
9.1%
PMatt Belisle
9.1%
PJeff Beliveau
9.1%
PGeorge Kontos
9.1%
POliver Drake
6.1%
PEvan Marshall
3%
PAlexi Ogando
0%
Remove Ads.
Support Sporcle.
Get the best of Sporcle when you Go Orange. This ad-free experience offers more features, more stats, and more fun while also helping to support Sporcle. Thank you for becoming a member.

You're not logged in!

Compare scores with friends on all Sporcle quizzes.
OR
Log In

Show Comments

Extras

Top Quizzes Today


Score Distribution

Your Account Isn't Verified!

In order to create a playlist on Sporcle, you need to verify the email address you used during registration. Go to your Sporcle Settings to finish the process.

Report this User

Report this user for behavior that violates our Community Guidelines.

Details: